Criminal failure to comply (Record no. 75564)
[ view plain ]
| 000 -LEADER | |
|---|---|
| fixed length control field | 02003cab a2200301 4500 |
| 001 - CONTROL NUMBER | |
| control field | L130338 |
| 008 - FIXED-LENGTH DATA ELEMENTS--GENERAL INFORMATION | |
| fixed length control field | 050718n2005 000 0 eng u |
| 035 ## - SYSTEM CONTROL NUMBER | |
| System control number | (Sirsi) u130338 |
| 041 ## - LANGUAGE CODE | |
| Language code of text/sound track or separate title | eng |
| 100 ## - MAIN ENTRY--PERSONAL NAME | |
| Personal name | Edwards, Martin |
| 245 ## - TITLE STATEMENT | |
| Title | Criminal failure to comply |
| 260 ## - PUBLICATION, DISTRIBUTION, ETC. | |
| Date of publication, distribution, etc. | 2005 |
| 490 ## - SERIES STATEMENT | |
| Series statement | Estates Gazette |
| Volume/sequential designation | (527) 9 July 2005, 218(1) |
| 520 ## - SUMMARY, ETC. | |
| Summary, etc. | The Town and Country Planning Act 1990 s179 creates criminal offences for failure to comply with an enforcement notice. Considers "Wycombe District Council v Wells" ([2005] EWHC 1012 (Admin), [2005] NPC 75) In "Wycombe", the appellant local authority appealed by case stated against the magistrates' decision to dismiss its allegation against the respondent gypsy occupier that he had failed to comply with its enforcement notice by finding that he had made out the statutory defence in s179(3) of the Act, particularly by seeking alternative accommodation for himself and his family. "Held": appeal allowed. The s179(3) defence was not established by demonstrating that the reason for non-compliance was the unavailability of an alternative site for the respondent to carry out his activities. Concludes that to establish a s179(3) defence the owner must show that compliance is not within its own unaided powers. |
| 590 ## - LOCAL NOTE (RLIN) | |
| Local note | IKA190705 |
| 650 ## - SUBJECT ADDED ENTRY--TOPICAL TERM | |
| Topical term or geographic name entry element | TOWN AND COUNTRY PLANNING ACT 1990 S179(1) |
| 650 ## - SUBJECT ADDED ENTRY--TOPICAL TERM | |
| Topical term or geographic name entry element | TOWN AND COUNTRY PLANNING ACT 1990 S179(2) |
| 650 ## - SUBJECT ADDED ENTRY--TOPICAL TERM | |
| Topical term or geographic name entry element | TOWN AND COUNTRY PLANNING ACT 1990 S179 |
| 650 ## - SUBJECT ADDED ENTRY--TOPICAL TERM | |
| Topical term or geographic name entry element | TOWN AND COUNTRY PLANNING ACT 1990 S179(9) |
| 650 ## - SUBJECT ADDED ENTRY--TOPICAL TERM | |
| Topical term or geographic name entry element | TOWN AND COUNTRY PLANNING ACT 1990 S179(3) |
| 650 ## - SUBJECT ADDED ENTRY--TOPICAL TERM | |
| Topical term or geographic name entry element | TOWN AND COUNTRY PLANNING ACT 1990 S179(7) |
| 650 ## - SUBJECT ADDED ENTRY--TOPICAL TERM | |
| Topical term or geographic name entry element | WYCOMBE DC V WELLS |
| 650 ## - SUBJECT ADDED ENTRY--TOPICAL TERM | |
| Topical term or geographic name entry element | KENT CC V BROCKMAN |
| 690 ## - LOCAL SUBJECT ADDED ENTRY--TOPICAL TERM (OCLC, RLIN) | |
| Topical term or geographic name as entry element | ENVIRONMENTAL AND LAND CONSULTANCY-PLANNING AND DEVELOPMENT-DEVELOPMENT CONTROL-PLANNING ENFORCEMENT |
| 700 ## - ADDED ENTRY--PERSONAL NAME | |
| Personal name | Martin, John |
| 856 ## - ELECTRONIC LOCATION AND ACCESS | |
| Uniform Resource Identifier | <a href="https://www.bailii.org/ew/cases/EWHC/Admin/2005/1012.html ">https://www.bailii.org/ew/cases/EWHC/Admin/2005/1012.html </a> |
| Public note | View the decision free of charge at www.bailii... |
| 942 ## - ADDED ENTRY ELEMENTS (KOHA) | |
| Suppress in OPAC | 0 |
| Withdrawn status | Lost status | Source of classification or shelving scheme | Damaged status | Not for loan | Home library | Current library | Shelving location | Date acquired | Total Checkouts | Full call number | Barcode | Date last seen | Copy number | Price effective from | Koha item type |
|---|---|---|---|---|---|---|---|---|---|---|---|---|---|---|---|
| Dewey Decimal Classification | London | London | Journal article | 18/07/2005 | L130338 | 130338-1001 | 06/08/2019 | 1 | 06/08/2019 | Journal article |